Introduction to bioinformatics / (Record no. 18628)

MARC details
000 -LEADER
fixed length control field 00995cam a2200301 i 4500
001 - CONTROL NUMBER
control field 18143392
003 - CONTROL NUMBER IDENTIFIER
control field EG-ScBUE
005 - DATE AND TIME OF LATEST TRANSACTION
control field 20260512084256.0
008 - FIXED-LENGTH DATA ELEMENTS--GENERAL INFORMATION
fixed length control field 140507t2014 enka f b f001 0 eng d
020 ## - INTERNATIONAL STANDARD BOOK NUMBER
International Standard Book Number 9780199651566 (pbk)
040 ## - CATALOGING SOURCE
Original cataloging agency DLC
Language of cataloging eng
Description conventions rda
Transcribing agency DLC
Modifying agency EG-ScBUE
082 04 - DEWEY DECIMAL CLASSIFICATION NUMBER
Classification number 572.80285
Edition number 22
Item number LES
100 1# - MAIN ENTRY--PERSONAL NAME
Personal name Lesk, Arthur M.,
Relator term author.
9 (RLIN) 32910
245 10 - TITLE STATEMENT
Title Introduction to bioinformatics /
Statement of responsibility, etc Arthur M. Lesk, The Pennsylvania State University.
246 30 - VARYING FORM OF TITLE
Title proper/short title Bioinformatics
250 ## - EDITION STATEMENT
Edition statement Fourth edition.
264 #1 - PUBLICATION, DISTRIBUTION, ETC. (IMPRINT)
Place of publication, distribution, etc Oxford, United Kingdom :
Name of publisher, distributor, etc Oxford University Press,
Date of publication, distribution, etc [2014]
264 #4 - PUBLICATION, DISTRIBUTION, ETC. (IMPRINT)
Date of publication, distribution, etc c2014
300 ## - PHYSICAL DESCRIPTION
Extent xvi, 371 pages :
Other physical details illustrations ;
Dimensions 27 cm
336 ## - CONTENT TYPE
Source rdacontent
Content type term text
Content type code txt
337 ## - MEDIA TYPE
Media type term unmediated
Source rdamedia
Media type code n
338 ## - CARRIER TYPE
Carrier type term volume
Carrier type code nc
Source rdacarrier
504 ## - BIBLIOGRAPHY, ETC. NOTE
Bibliography, etc Includes bibliographical references and index.<br/>
650 #7 - SUBJECT ADDED ENTRY--TOPICAL TERM
Topical term or geographic name as entry element Bioinformatics.
Source of heading or term BUEsh
9 (RLIN) 5545
653 ## - INDEX TERM--UNCONTROLLED
Resource For college Informatics and Computer Science
-- Engineering, Chemical
Arrived date list November2014
655 ## - INDEX TERM--GENRE/FORM
Form subdivision Reading book
9 (RLIN) 34232
942 ## - ADDED ENTRY ELEMENTS (KOHA)
Source of classification or shelving scheme Dewey Decimal Classification
Koha item type Book - Borrowing
Holdings
Withdrawn status Lost status Source of classification or shelving scheme Damaged status Not for loan Collection code Home library Current library Shelving location Date acquired Source of acquisition Cost, normal purchase price Serial Enumeration / chronology Total Checkouts Total Renewals Full call number Barcode Checked out Date last seen Date checked out Cost, replacement price Price effective from Koha item type
    Dewey Decimal Classification     Baccah Central Library Central Library First floor 17/11/2014   340.00 20677 2 11 572.80285 LES 000037010 16/03/2026 19/02/2025 19/02/2025 425.00 17/11/2014 Book - Borrowing
    Dewey Decimal Classification     Baccah Central Library Central Library First floor 17/11/2014   340.00 20677 2 13 572.80285 LES 000037011   15/07/2025 29/01/2022 425.00 17/11/2014 Book - Borrowing